03480cam a22003975i 450000100090000000300090000900500170001800800410003502000430007602000400011904000430015908200210020210000410022324501250026426400640038926400100045330000460046333600260050933700280053533800270056350400520059050502980064252016450094065000420258565000420262765000260266965000340269565000320272965000620276165500170282370000300284070000270287094200120289799900170290995201560292616021306EG-ScBUE20250526092433.0091214t2010 flua f b 001 0 eng d a9781420062991 (hardcover : alk. paper) a1420062999 (hardcover : alk. paper) aEG-ScBUEbengerdacEG-ScBUEdEG-ScBUE04a530.414bAAR2221 aAaronson, Hubert I.,938234eauthor.10aMechanisms of diffusional phase transformations in metals and alloys /cHubert I. Aaronson, Masato Enomoto, Jong K. Lee. 1aBoca Raton : bCRC Press / Taylor & Francis Group, c[2010] 4cc2010 axvii, 667 pages :billustrations ;c27 cm 2rdacontentatextbtxt 2rdamediaaunmediatedbn 2rdacarrieravolumebnc aIncludes bibliographical references and index. 0 aApplied thermodynamics -- Diffusional nucleation in solid-solid transformations -- Diffusional growth -- Precipitation -- Massive transformation -- Cellular reaction -- Pearlite reaction -- Martensitic transformations -- Bainite reaction and role of shear in diffusional phase transformations. a"Developed by the late metallurgy professor and master experimentalist Hubert I. Aaronson, this collection of lecture notes details the fundamental principles of phase transformations in metals and alloys upon which steel and other metals industries are based. Mechanisms of Diffusional Phase Transformations in Metals and Alloys is devoted to solid-solid phase transformations in which elementary atomic processes are diffusional jumps, and these processes occur in a series of so-called nucleation and growth through interface migration. Instead of relying strictly on a pedagogical approach, it documents the evolution of phase transformation concepts. The authors present topics by describing a phenomenon and then following up with a corresponding hypothesis or alternative explanation. In this way, the book also shows how the field continues to evolve and meet new challenges. Integrated with information from a number of key papers and review articles, this volume reflects this revered and influential instructor's unique and passionate way of introducing well-established theories and knowledge in a systematic way, at the same time introducing, in great detail, how a new idea or interpretation of a phenomenon has emerged, evolved, and gained its current status. If the published version of a theory or a model was too condensed, Aaronson worked the problem out in painstaking detail so that graduate students could follow the derivations. This collection is full of such unique 'Aaronsonian idiosyncrasies', which add immense value as a powerful tool for learning in this challenging materials field."--Publisher's description. 7aMetalsxMechanical properties.2BUEsh 7aAlloysxMechanical properties.2BUEsh 7aMetallography.2BUEsh 7aAlloysxMetallography.2BUEsh 7aDiffusion processes.2BUEsh 7aPhase transformations (Statistical physics)2BUEsh928962 vReading book1 aEnomoto, Masato,eauthor.1 aLee, Jong K.,eauthor. 2ddccBB c19979d19951 00102ddc40708AlahramaMAINbMAINc1STd2015-06-28epurchaseg530.00h299l4m1o530.414 AARp000038832r2025-07-15 00:00:00s2020-08-18v662.50yBB